[Event "Stay Safe Play From Home 293"]
[Site "Emanuel Lasker Arena"]
[Date "2020.07.10"]
[Round "5"]
[White "Don59as"]
[Black "Mepe_Nika"]
[Result "0-1"]
[WhiteElo "2156"]
[BlackElo "2348"]
[Annotator "NA"]
[PlyCount "108"]
[EventDate "2020.07.10"]
[EventType "swiss (blitz)"]

1. c4 {[%emt 0:00:01]} c6 {[%emt 0:00:00]} 2. e4 {[%emt 0:00:01]} d5 {[%emt 0:00:00]} 3. cxd5 {[%emt 0:00:00]} cxd5 {[%emt 0:00:00]} 4. e5 {[%emt 0:00:00]} Nc6 {[%emt 0:00:01]} 5. Nf3 {[%emt 0:00:01]} Bg4 {[%emt 0:00:01]} 6. Bb5 {[%emt 0:00:02]} e6 {[%emt 0:00:01]} 7. Qa4 {[%emt 0:00:02]} Qb6 {[%emt 0:00:02]} 8. Bxc6+ {[%emt 0:00:02]} Qxc6 {[%emt 0:00:01]} 9. Qxc6+ {[%emt 0:00:01]} bxc6 {[%emt 0:00:00]} 10. Nd4 {[%emt 0:00:01]} Rc8 {[%emt 0:00:02]} 11. h3 {[%emt 0:00:03]} Bh5 {[%emt 0:00:00]} 12. g4 {[%emt 0:00:01]} Bg6 {[%emt 0:00:01]} 13. Nc3 {[%emt 0:00:01]} Bc5 {[%emt 0:00:01]} 14. Nde2 {[%emt 0:00:02]} Ne7 {[%emt 0:00:01]} 15. d4 {[%emt 0:00:01]} Bb4 {[%emt 0:00:02]} 16. Be3 {[%emt 0:00:01]} c5 {[%emt 0:00:01]} 17. O-O {[%emt 0:00:01]} O-O {[%emt 0:00:01]} 18. a3 {[%emt 0:00:01]} Bxc3 {[%emt 0:00:02]} 19. bxc3 {[%emt 0:00:00]} c4 {[%emt 0:00:01]} 20. Ra2 {[%emt 0:00:02]} Rb8 {[%emt 0:00:01]} 21. Nf4 {[%emt 0:00:01]} Rb3 {[%emt 0:00:06]} 22. Nxg6 {[%emt 0:00:03]} hxg6 {[%emt 0:00:00]} 23. Bd2 {[%emt 0:00:01]} Rfb8 {[%emt 0:00:01]} 24. Kg2 {[%emt 0:00:02]} R8b6 {[%emt 0:00:01]} 25. a4 {[%emt 0:00:02]} Rb2 {[%emt 0:00:01]} 26. Rfa1 {[%emt 0:00:01]} Nc6 {[%emt 0:00:01]} 27. f4 {[%emt 0:00:03]} R6b3 {[%emt 0:00:01]} 28. f5 {[%emt 0:00:02]} gxf5 {[%emt 0:00:01]} 29. gxf5 {[%emt 0:00:00]} exf5 {[%emt 0:00:00]} 30. Kf3 {[%emt 0:00:01]} Rxa2 {[%emt 0:00:01]} 31. Rxa2 {[%emt 0:00:01]} Nxd4+ {[%emt 0:00:00]} 32. Kf4 {[%emt 0:00:01]} Ne6+ {[%emt 0:00:03]} 33. Kxf5 {[%emt 0:00:01]} g6+ {[%emt 0:00:02]} 34. Kf6 {[%emt 0:00:01]} Rb1 {[%emt 0:00:01]} 35. Bh6 {[%emt 0:00:04]} Rf1+ {[%emt 0:00:03]} 36. Ke7 {[%emt 0:00:01]} Kh7 {[%emt 0:00:05]} 37. Bf8 {[%emt 0:00:01]} Nxf8 {[%emt 0:00:02]} 38. Kxf8 {[%emt 0:00:00]} g5 {[%emt 0:00:01]} 39. Rb2 {[%emt 0:00:01]} Kg6 {[%emt 0:00:01]} 40. Rb7 {[%emt 0:00:00]} Rf3 {[%emt 0:00:02]} 41. Rxa7 {[%emt 0:00:00]} Rxc3 {[%emt 0:00:01]} 42. Rxf7 {[%emt 0:00:00]} Re3 {[%emt 0:00:00]} 43. Rf6+ {[%emt 0:00:01]} Kh7 {[%emt 0:00:01]} 44. Rf7+ {[%emt 0:00:01]} Kg6 {[%emt 0:00:01]} 45. Rf6+ {[%emt 0:00:01]} Kh5 {[%emt 0:00:00]} 46. e6 {[%emt 0:00:01]} c3 {[%emt 0:00:01]} 47. e7 {[%emt 0:00:01]} c2 {[%emt 0:00:01]} 48. Rc6 {[%emt 0:00:01]} Rf3+ {[%emt 0:00:02]} 49. Kg7 {[%emt 0:00:01]} Re3 {[%emt 0:00:00]} 50. Kf7 {[%emt 0:00:01]} d4 {[%emt 0:00:00]} 51. e8=Q {[%emt 0:00:02]} Rxe8 {[%emt 0:00:00]} 52. Kxe8 {[%emt 0:00:00]} d3 {[%emt 0:00:00]} 53. Kf7 {[%emt 0:00:00]} Kh4 {[%emt 0:00:01] '} 54. Rxc2 {[%emt 0:00:00]} Kg3 {[%emt 0:00:00] Time (Lag: Av=0.52s, max=1.2s)} 0-1

[Event "Stay Safe Play From Home 293"]
[Site "Emanuel Lasker Arena"]
[Date "2020.07.10"]
[Round "5"]
[White "Muralikrishna"]
[Black "Justwatch"]
[Result "1-0"]
[WhiteElo "1775"]
[BlackElo "1643"]
[Annotator "NA RC"]
[PlyCount "45"]
[EventDate "2020.07.10"]
[EventType "swiss (blitz)"]

1. e4 {[%emt 0:00:03]} Nf6 {[%emt 0:00:09]} 2. d4 {[%emt 0:00:00]} Nxe4 {[%emt 0:00:01]} 3. c4 {[%emt 0:00:01]} Nf6 {[%emt 0:00:00]} 4. Nc3 {[%emt 0:00:01]} g6 {[%emt 0:00:00]} 5. Nf3 {[%emt 0:00:01]} Bg7 {[%emt 0:00:00]} 6. Bd3 {[%emt 0:00:01]} O-O {[%emt 0:00:00]} 7. Be3 {[%emt 0:00:01]} d6 {[%emt 0:00:00]} 8. h3 {[%emt 0:00:01]} Bg4 {[%emt 0:00:00]} 9. hxg4 {[%emt 0:00:02]} Nxg4 {[%emt 0:00:00]} 10. Qd2 {[%emt 0:00:02]} Nc6 {[%emt 0:00:00]} 11. d5 {[%emt 0:00:01]} Nce5 {[%emt 0:00:01]} 12. Nxe5 {[%emt 0:00:02]} Nxe5 {[%emt 0:00:00]} 13. O-O {[%emt 0:00:03]} Nxd3 {[%emt 0:00:01]} 14. Qxd3 {[%emt 0:00:00]} e6 {[%emt 0:00:00]} 15. Rfe1 {[%emt 0:00:02]} e5 {[%emt 0:00:07]} 16. Qd2 {[%emt 0:00:02]} f5 {[%emt 0:00:02]} 17. Bg5 {[%emt 0:00:01]} Qd7 {[%emt 0:00:02]} 18. Rac1 {[%emt 0:00:02]} f4 {[%emt 0:00:00]} 19. Bh4 {[%emt 0:00:02]} Qg4 {[%emt 0:00:02]} 20. Be7 {[%emt 0:00:03]} Rf7 {[%emt 0:00:01]} 21. f3 {[%emt 0:00:01]} Qg3 {[%emt 0:00:17]} 22. Ne2 {[%emt 0:00:02]} Qh4 {[%emt 0:00:01]} 23. Bxh4 {[%emt 0:00:02] Justwatch terk eder (Lag: Av=0.76s, max=1.2s)} 1-0

[Event "Stay Safe Play From Home 293"]
[Site "Emanuel Lasker Arena"]
[Date "2020.07.10"]
[Round "5"]
[White "Trotsky"]
[Black "Lazieri3"]
[Result "0-1"]
[WhiteElo "1596"]
[BlackElo "2071"]
[Annotator "TA"]
[PlyCount "74"]
[EventDate "2020.07.10"]
[EventType "swiss (blitz)"]

{[%evp 12,74,18,23,22,-38,-17,-85,66,49,47,38,385,0,0,-295,-184,-182,-182,-187,-175,-210,-36,-47,88,79,368,37,919,530,29996,-270,-298,-693,-677,-692,-669,-965,-369,-837,-820,-1184,-1020,-991,-817,-786,-241,-988,-981,-978,-963,-933,-217,-202,-152,-256,-254,-733,-709,-858,-858,-29989,-1036,-29994,-29995]} 1. d4 c6 2. e3 d5 3. c4 Nf6 4. Nc3 e6 5. Nf3 Be7 6. Qc2 O-O 7. Bd3 h6 {[#] D45: Semi-Slav: 5 e3.} 8. h4 $146 (8. O-O $11) ({Predecessor:} 8. O-O Nbd7 9. e4 dxe4 10. Nxe4 b6 11. Be3 Bb7 12. h3 Re8 13. Ne5 Nf8 14. Rad1 Rc8 15. Nxf6+ Bxf6 16. Qe2 Qe7 {1-0 (40) Friedrich,K (1770)-Reinke,M (1728) Playchess.com INT 2020}) 8... Nbd7 9. Ng5 (9. b3 $11 {remains equal.}) 9... Ne4 $2 ({Black should try} 9... dxc4 $17 10. Bxc4 b5) 10. Ncxe4 dxe4 11. Bxe4 hxg5 $4 {[%mdl 8192]} ({Better is} 11... e5 $14) 12. hxg5 $2 (12. Bh7+ $1 $18 Kh8 13. hxg5) 12... f5 $11 13. Bd2 $2 {[%mdl 8192]} (13. gxf6 $1 $11 {and White is okay.} Nxf6 14. Bh7+ Nxh7 15. Qxh7+ Kf7 16. Qh5+ g6 17. Qh7+ Ke8 18. Bd2 (18. Qxg6+ Kd7 $11)) 13... Bxg5 14. Bd3 c5 15. O-O-O cxd4 16. f4 dxe3 $2 (16... Be7 $19 {...Nc5 is the strong threat.} 17. exd4 b5 $1 {[%mdl 512]}) 17. Bxe3 $15 Bf6 {[#]} (17... Bh6 $15 {keeps the upper hand.} 18. c5 Qc7) 18. g4 $1 $16 {[%mdl 1536] White has strong compensation.} b6 $2 {[%mdl 8192]} ({Avoid the trap} 18... fxg4 $2 19. Bh7+ Kf7 20. Bg6+ (20. Qg6+ Ke7 $11) 20... Kg8 21. Qh2 $18) (18... Qa5 $16 {was necessary.}) 19. g5 $2 ({Only move:} 19. gxf5 $18 exf5 20. Bxf5 Bxb2+ 21. Kb1) 19... Be7 $2 {[%mdl 8192]} (19... Bb7 $14 20. gxf6 Bxh1 21. fxg7 Kxg7 22. Rxh1 Nf6) 20. g6 Rf6 {[#]} 21. Bd4 $4 {[%mdl 8192]} ({Not} 21. Qh2 $2 Rxg6 22. Be2 Rh6 $19) (21. Rh8+ $1 {[%mdl 512] mates} Kxh8 22. Qh2+ Kg8 23. Qh7+ Kf8 24. Qh8#) 21... Rxg6 $19 22. Bxf5 $2 (22. Be4 Rb8 23. Be5) 22... exf5 23. Qxf5 {Threatening mate with Qd5+.} Nf8 24. Qh5 Bf6 $2 (24... Bg4 25. Qe5 Bxd1 26. Rxd1 Bf6) 25. Qh8+ $2 (25. Bxf6 Qxf6 26. Qd5+ Be6 27. Qxa8 Qxf4+ {[%mdl 64] Double Attack} 28. Kb1 Bf5+ 29. Ka1) 25... Kf7 26. Qh5 Bxd4 27. f5 {[#]} Bxf5 $1 28. Qxf5+ Qf6 $2 (28... Kg8 29. Kb1 Rd6) 29. Qxf6+ $2 (29. Qd5+ Ne6 30. Qxa8) 29... Bxf6 30. Rhf1 Re8 31. Rd2 Re2 $2 (31... Rg4 32. b3 Kg8) 32. Rxe2 Ne6 33. Rfe1 (33. Rd1 $17) 33... Nc5 {Hoping for ...Nd3+.} 34. Re8 $2 (34. Rd1) 34... Nd3+ {[%mdl 64] Double Attack} 35. Kc2 Nxe1+ 36. Kb3 Rg2 (36... Kxe8 $142 37. Ka4 Rg2 38. Kb5 Rxb2+ {[%mdl 64] Double Attack} 39. Kc6 g5 40. c5 g4 41. Kd6 bxc5 42. Ke6 g3 43. Kxf6 g2 44. Ke6 Rb6+ 45. Ke5 g1=Q 46. Kf5 Qg6+ 47. Kf4 Rf6+ 48. Ke5 Qf5#) 37. Kb4 Rxb2+ {[%mdl 64] Double Attack. Accuracy: White = 24%, Black = 25%.} 0-1

[Event "Stay Safe Play From Home 293"]
[Site "Emanuel Lasker Arena"]
[Date "2020.07.10"]
[Round "5"]
[White "Klasman"]
[Black "Edmatuag"]
[Result "0-1"]
[WhiteElo "1379"]
[BlackElo "1659"]
[Annotator "NA RC"]
[PlyCount "64"]
[EventDate "2020.07.10"]
[EventType "swiss (blitz)"]

1. f4 {[%emt 0:00:02]} d5 {[%emt 0:00:01]} 2. Nf3 {[%emt 0:00:01]} Nc6 {[%emt 0:00:01]} 3. e3 {[%emt 0:00:01]} Bg4 {[%emt 0:00:02]} 4. c4 {[%emt 0:00:02]} e5 {[%emt 0:00:01]} 5. fxe5 {[%emt 0:00:05]} Nxe5 {[%emt 0:00:02]} 6. Qa4+ {[%emt 0:00:07]} c6 {[%emt 0:00:07]} 7. Nxe5 {[%emt 0:00:02]} Be6 {[%emt 0:00:14]} 8. cxd5 {[%emt 0:00:04]} Bxd5 {[%emt 0:00:03]} 9. Nc3 {[%emt 0:00:01]} Bd6 {[%emt 0:00:02]} 10. Nxd5 {[%emt 0:00:02]} Bxe5 {[%emt 0:00:01]} 11. Nf4 {[%emt 0:00:04]} Nf6 {[%emt 0:00:06]} 12. Bc4 {[%emt 0:00:04]} O-O {[%emt 0:00:01]} 13. O-O {[%emt 0:00:01]} Ne4 {[%emt 0:00:03]} 14. d3 {[%emt 0:00:03]} Nc5 {[%emt 0:00:02]} 15. Qd1 {[%emt 0:00:03]} Qe7 {[%emt 0:00:04]} 16. Qf3 {[%emt 0:00:02]} Ne6 {[%emt 0:00:02]} 17. Nxe6 {[%emt 0:00:01]} fxe6 {[%emt 0:00:01]} 18. Bxe6+ {[%emt 0:00:02]} Qxe6 {[%emt 0:00:02]} 19. Qxf8+ {[%emt 0:00:01]} Rxf8 {[%emt 0:00:01]} 20. Rxf8+ {[%emt 0:00:01]} Kxf8 {[%emt 0:00:00]} 21. Bd2 {[%emt 0:00:01]} Ke7 {[%emt 0:00:00]} 22. Rf1 {[%emt 0:00:01]} Bf6 {[%emt 0:00:00]} 23. Rf3 {[%emt 0:00:01]} Kf7 {[%emt 0:00:00]} 24. g3 {[%emt 0:00:01]} Qd5 {[%emt 0:00:00]} 25. Kf2 {[%emt 0:00:01]} Qxd3 {[%emt 0:00:01]} 26. Rxf6+ {[%emt 0:00:01]} gxf6 {[%emt 0:00:02]} 27. Ke1 {[%emt 0:00:01]} Qc2 {[%emt 0:00:01]} 28. g4 {[%emt 0:00:01]} Qc4 {[%emt 0:00:01]} 29. Kf2 {[%emt 0:00:01]} Qd3 {[%emt 0:00:00]} 30. Ke1 {[%emt 0:00:01]} Qb1+ {[%emt 0:00:01]} 31. Kf2 {[%emt 0:00:01]} Qxa2 {[%emt 0:00:00]} 32. Kg3 {[%emt 0:00:01]} Qxb2 {[%emt 0:00:00] Time (Lag: Av=0.55s, max=0.9s)} 0-1

[Event "Stay Safe Play From Home 293"]
[Site "Emanuel Lasker Arena"]
[Date "2020.07.10"]
[Round "6"]
[White "Mepe_Nika"]
[Black "Broken sword"]
[Result "0-1"]
[WhiteElo "2356"]
[BlackElo "2506"]
[Annotator "TA"]
[PlyCount "64"]
[EventDate "2020.07.10"]
[EventType "swiss (blitz)"]

{[%evp 9,64,27,32,-9,0,0,0,-10,0,-54,-64,-48,-61,-110,-50,-71,-61,-105,-103,-118,26,-104,-107,-113,-90,-94,-89,-170,-72,-75,-71,-87,-83,-143,-30,-122,-6,-187,-132,-217,29998,-62,0,-37,-35,-244,-242,-341,-359,-336,-361,-652,-557,-750,-738,-1971,-1502]} 1. d4 d5 2. Bf4 c5 3. e3 Nc6 4. c3 cxd4 5. cxd4 Qb6 6. Qb3 {D00: 1 d4 d5: Unusual lines.} Qxb3 7. axb3 Bf5 8. Nc3 {The position is equal.} e6 9. Nb5 (9. Bb5 $11) 9... Bb4+ $15 10. Kd1 {[#] And now Nc7+ would win.} Kd7 {[#]} 11. Nf3 $146 ({Predecessor:} 11. h3 Nf6 12. Nf3 Ne4 13. Ke2 a6 14. Na3 f6 15. g4 Bg6 16. h4 Na5 17. Rc1 Rac8 18. g5 fxg5 19. hxg5 Nxb3 20. Rxc8 Rxc8 {0-1 (20) Sipos,S (1301)-Costescu,M (1468) Mamaia 2017}) 11... f6 (11... Nf6 $17 {...Ne4 is the strong threat.} 12. Nc3 a6) 12. Be2 Nge7 13. Nd2 a6 14. Nc3 Rhc8 (14... e5 $17 15. dxe5 fxe5) 15. f3 (15. Na4 $11) 15... b5 $17 16. h4 h5 17. g4 Bg6 $36 {[%mdl 2048] Black is on the roll.} 18. g5 (18. Bh2 $17) 18... Bd6 (18... e5 $19 {is more deadly.} 19. dxe5 fxe5) 19. Bxd6 Kxd6 20. gxf6 gxf6 21. Rg1 {[#]} ({White should try} 21. f4) 21... Bf5 (21... Nf5 $1 $17 {[%cal Rf5e3]} 22. Nf1 Nxh4) 22. e4 (22. Ke1 $11 {keeps the balance.}) 22... Bh7 (22... Bg6 $17 23. Bd3 Nxd4) 23. exd5 $2 (23. Rg7 $11 Bg8 24. f4) 23... Nxd5 ({Black should play} 23... exd5 $19 24. Rg7 Bf5) 24. Rg7 (24. Nde4+ $17 Bxe4 25. fxe4) 24... Rc7 $4 {[%mdl 8192]} (24... Nxd4 $19 25. Rxh7 Ne3+ 26. Kc1 Nxe2+ 27. Kb1 Nf4 28. Nde4+ Ke5) 25. Rxc7 $2 (25. Nde4+ {mates} Bxe4 26. Nxe4#) 25... Kxc7 (25... Nxc7 $15 26. Nce4+ Bxe4 27. Nxe4+ Kd7) 26. Nxd5+ (26. Bxb5 $5 Ne3+ 27. Ke2 Nxd4+ 28. Kf2 $15) 26... exd5 27. Rc1 $2 ({White must play} 27. Bxb5 $1 $15 Nxd4 28. Rxa6 Rxa6 29. Bxa6) 27... Kb6 $19 28. Nf1 (28. Ke1 {keeps fighting.}) 28... Nxd4 29. Ne3 Rd8 ({Less strong is} 29... Nxb3 30. Rc3 $17) 30. Rc3 $2 (30. b4) 30... Ne6 {Black is clearly winning.} 31. Rc2 d4 32. Nf5 Bxf5 {Accuracy: White = 20%, Black = 52%.} 0-1

[Event "Stay Safe Play From Home 293"]
[Site "Emanuel Lasker Arena"]
[Date "2020.07.10"]
[Round "6"]
[White "SoulofWolf"]
[Black "AChessPlayer"]
[Result "0-1"]
[WhiteElo "2270"]
[BlackElo "2400"]
[Annotator "TA"]
[PlyCount "122"]
[EventDate "2020.07.10"]
[EventType "swiss (blitz)"]

{[%evp 9,121,1,17,-3,-3,-3,-6,-9,0,-4,0,-10,-13,-47,-33,-129,-122,-132,-124,-128,-23,-95,-100,-212,-217,-219,-225,-535,-537,-506,-161,-169,-129,-168,-152,-140,-87,-198,-198,-415,-428,-830,-477,-29993,-203,-29991,-252,-242,-222,-249,-200,-210,-202,-256,-252,-242,-17,-66,-24,-24,-18,-27,-10,-81,-73,-82,-72,-59,-54,-60,0,0,0,0,0,-18,14,-104,0,-210,-149,-1014,-766,-12820,-6223,-7447,-7086,-6015,-6053,-29978,-4910,-29984,-29982,-29982,-29971,-29985,-29986,-29986,-29987,-29988,-29988,-29988,-29989,-29992,-29991,-29991,-29992,-29992,-29992,-29993,-29994,-29994,-29994,-29999]} 1. Nf3 g6 2. c4 Bg7 3. e3 c5 4. d4 cxd4 5. exd4 Nf6 6. Be3 {A10: English Opening: Unusual Replies for Black.} O-O 7. Be2 d5 8. O-O {The position is equal.} dxc4 9. Bxc4 {[#]} Nbd7 $146 {[%cal Bb8d7,Bd7b6,Bb6d5,Bd5e3][%mdl 32]} ({Predecessor:} 9... Nc6 10. Nc3 Na5 11. Bd3 Nd5 12. h3 Nxc3 13. bxc3 Be6 14. Qd2 Bc4 15. Bf4 Bxd3 16. Qxd3 Rc8 17. Rfe1 e6 18. Rab1 {0-1 (37) Marrero Cardenes,A (1820)-Barlov,D (2472) Las Palmas 2011}) 10. Be2 Nb6 11. Nbd2 Nbd5 12. Rc1 (12. Re1 $15) 12... Nxe3 $17 13. fxe3 Nd5 14. Qb3 b6 (14... Bh6 $1 $17 15. e4 Ne3) 15. e4 (15. Bb5 $11 {remains equal.}) 15... Nf4 16. Bb5 (16. Bc4 $17) 16... a6 $1 $19 ({Don't play} 16... Bxd4+ 17. Kh1 $17) 17. Bc4 b5 $1 {[%cal Rb5c4]} ({Not} 17... Bxd4+ 18. Kh1 $15) 18. Bd3 $2 (18. Bxf7+ Rxf7 19. Ng5 {[%mdl 64] Pin}) 18... Bxd4+ 19. Kh1 Bg7 $2 (19... Be6 20. Qb4 Bxb2) 20. Bb1 Be6 21. Qa3 Ne2 22. Rcd1 Qb6 ({Black should try} 22... Ra7 23. Nb3 Qb6) 23. Nb3 (23. Qxe7 $17 {is a better defense.} Rae8 24. Qh4) 23... Rfd8 24. Bd3 $2 (24. Qc5 {keeps fighting.} Qxc5 25. Nxc5) 24... Nf4 25. Bb1 (25. Qc5 $142 Qxc5 26. Nxc5 Bxa2 27. Ne1) 25... Bc4 26. Rfe1 (26. Rde1 $19) 26... b4 $2 (26... Qf2 27. Nh4 Rxd1 28. Rxd1 Bf1 29. Rd8+ Rxd8 30. h3 Bxg2+ {[%mdl 64] Double Attack} 31. Kh2 Bxe4+ {[%mdl 64] Discovered Attack} 32. Ng2 Qxg2#) 27. Qa4 $2 (27. Rxd8+ $19 Rxd8 28. Qa5 Qxa5 29. Nxa5) 27... Nd3 $2 (27... Qf2 {mates} 28. Qe8+ Bf8 29. Qxf8+ Kxf8 30. Nh4 Rxd1 31. Rxd1 Bf1 32. Rd8+ Rxd8 33. h3 Bxg2+ {[%mdl 64] Double Attack} 34. Kh2 Bxe4+ {[%mdl 64] Discovered Attack} 35. Ng2 Qxg2#) 28. Bxd3 Bxd3 ({Don't do} 28... Rxd3 29. Rxd3 Bxd3 30. Qd7) 29. Qa5 Qb5 30. Qxb5 axb5 31. Nc5 Bc4 $1 32. b3 Be6 $2 (32... Bc3 $19 33. Rxd8+ Rxd8) 33. Nxe6 fxe6 (33... Rxd1 {keeps more tension.} 34. Rxd1 fxe6 35. Rd2 Bc3 36. Re2 h6) 34. Rxd8+ Rxd8 $11 {[%mdl 4096] Endgame KRB-KRN} 35. e5 Ra8 36. Ra1 (36. Re2 $11) 36... Bh6 37. Kg1 Be3+ 38. Kf1 g5 {Hoping for ...g4.} 39. Ke2 Bc5 (39... Bb6 $15 40. h3 h6) 40. h3 h6 41. Kd3 Kg7 42. Ke4 Kg6 43. Ne1 (43. Rc1 $11 Bf2 44. Rc2) 43... Rd8 (43... Bb6 $17 44. Nd3 Rd8) 44. Kf3 $2 (44. Nf3 $11 {and White has nothing to worry.}) 44... Rd2 45. a3 $2 {[%mdl 8192] This move loses the game for White.} (45. Rc1 $17 Rf2+ 46. Kg3) 45... bxa3 46. Rb1 a2 47. Ra1 Bd4 48. Rxa2 Rxa2 49. Ke4 Bb6 (49... Bf2 $142 50. Nf3 Bb6 51. h4 Rxg2 52. Kd3 g4 53. Ne1 Rg3+ 54. Kc2 {[#]} Re3 $1 {[%mdl 512]} 55. Nd3 g3 56. Nf4+ Kf5 $1 {[%mdl 576] Double Attack} 57. Ng2 Re2+ {[%mdl 64] Double Attack} 58. Kc3 Rxg2 59. Kb4 Rc2 60. h5 g2 61. Kxb5 g1=Q 62. b4 Qd4 63. Ka6 Qxb4 64. Kb7 Qa5 65. Kb8 Qa7#) 50. Nf3 Re2+ {Black mates.} 51. Kd3 Re3+ 52. Kc2 {[#]} Rxf3 $1 53. gxf3 {KB-KP} Kf5 54. b4 Kxe5 {KB-K3P} 55. Kb3 Kf4 56. h4 Kxf3 57. hxg5 hxg5 58. Kc2 g4 59. Kd1 g3 60. Ke1 Bf2+ 61. Kf1 g2# {Accuracy: White = 33%, Black = 57%.} 0-1

[Event "Stay Safe Play From Home 293"]
[Site "Emanuel Lasker Arena"]
[Date "2020.07.10"]
[Round "6"]
[White "Lamborghini"]
[Black "Klasman"]
[Result "1-0"]
[WhiteElo "2187"]
[BlackElo "1374"]
[Annotator "TA"]
[PlyCount "53"]
[EventDate "2020.07.10"]
[EventType "swiss (blitz)"]

{[%evp 9,53,47,63,62,69,30,29,-46,146,138,108,111,220,228,200,216,224,210,240,262,232,166,180,183,161,100,131,105,393,342,655,391,388,387,383,377,800,778,938,933,982,981,979,981,1053,1000]} 1. e4 f5 2. exf5 Nf6 3. Ne2 ({Predecessor:} 3. d4 d6 4. Bd3 Nc6 5. Nf3 Nb4 6. O-O Nxd3 7. Qxd3 Qd7 8. c3 Qxf5 9. Qxf5 Bxf5 {0-1 (54) Essmann,J (2049)-Stotyn,F (2197) Playchess.com INT 2020}) 3... d5 4. Ng3 c5 5. d4 Nc6 6. dxc5 {B00: Queen's Fianchetto Defence, Nimzowitsch Defence.} e6 $1 7. fxe6 Bxc5 8. Bd3 (8. Be2 $11) 8... Qb6 $2 (8... O-O $15 {keeps the upper hand.} 9. O-O Bxe6) 9. O-O $16 Bxe6 10. Nc3 {Hoping for Na4.} O-O-O {[#]} (10... O-O $16) 11. Na4 $1 $18 {[%cal Ra4b6]} Qa5 12. Nxc5 Qxc5 13. a3 h5 14. b4 Qd6 15. Nf5 Bxf5 16. Bxf5+ Kb8 17. Qf3 ({White should play} 17. Qd3 $18) 17... Ne5 18. Qg3 g5 $2 {[%mdl 8192] This costs Black the game.} (18... h4 $16 19. Qh3 Nc4) 19. Re1 Nfg4 $2 (19... Rde8) 20. Bxg4 Nxg4 21. Qxd6+ Rxd6 22. Bxg5 {Strongly threatening Bf4.} Rg8 $2 (22... Rc6 23. f3 Nh6) 23. Bf4 {White is clearly winning.} Kc7 24. Re7+ Kc6 {[#]} 25. b5+ $1 Kc5 (25... Kxb5 26. Bxd6) 26. Rc7+ Kxb5 27. Rb1+ {Accuracy: White = 53%, Black = 29%.} 1-0

[Event "Stay Safe Play From Home 293"]
[Site "Emanuel Lasker Arena"]
[Date "2020.07.10"]
[Round "6"]
[White "Don59as"]
[Black "Trotsky"]
[Result "1-0"]
[WhiteElo "2148"]
[BlackElo "1594"]
[Annotator "NA"]
[PlyCount "81"]
[EventDate "2020.07.10"]
[EventType "swiss (blitz)"]

1. c4 {[%emt 0:00:01]} c5 {[%emt 0:00:01]} 2. Nc3 {[%emt 0:00:01]} e6 {[%emt 0:00:00]} 3. e4 {[%emt 0:00:01]} d5 {[%emt 0:00:01]} 4. exd5 {[%emt 0:00:01]} exd5 {[%emt 0:00:01]} 5. Nxd5 {[%emt 0:00:00]} Bd6 {[%emt 0:00:01]} 6. Nf3 {[%emt 0:00:01]} Be6 {[%emt 0:00:01]} 7. Nc3 {[%emt 0:00:02]} Nc6 {[%emt 0:00:01]} 8. Be2 {[%emt 0:00:01]} a6 {[%emt 0:00:01]} 9. O-O {[%emt 0:00:01]} Qc7 {[%emt 0:00:00]} 10. h3 {[%emt 0:00:01]} Nf6 {[%emt 0:00:01]} 11. b3 {[%emt 0:00:01]} h5 {[%emt 0:00:01]} 12. Bb2 {[%emt 0:00:01]} Ng4 {[%emt 0:00:01]} 13. d4 {[%emt 0:00:01]} O-O-O {[%emt 0:00:01]} 14. Nd5 {[%emt 0:00:01]} Bh2+ {[%emt 0:00:04]} 15. Kh1 {[%emt 0:00:03]} Qd6 {[%emt 0:00:01]} 16. dxc5 {[%emt 0:00:02]} Qf4 {[%emt 0:00:04]} 17. Qc1 {[%emt 0:00:08]} Qxc1 {[%emt 0:00:02]} 18. Raxc1 {[%emt 0:00:01]} Bxd5 {[%emt 0:00:01]} 19. cxd5 {[%emt 0:00:01]} Nce5 {[%emt 0:00:05]} 20. Nxe5 {[%emt 0:00:04]} Bxe5 {[%emt 0:00:05]} 21. Bxe5 {[%emt 0:00:02]} Nxe5 {[%emt 0:00:01]} 22. d6 {[%emt 0:00:01]} Kb8 {[%emt 0:00:01]} 23. f4 {[%emt 0:00:01]} Ng6 {[%emt 0:00:01]} 24. Bc4 {[%emt 0:00:02]} f5 {[%emt 0:00:01]} 25. Bf7 {[%emt 0:00:01]} Nf8 {[%emt 0:00:03]} 26. b4 {[%emt 0:00:01]} Nd7 {[%emt 0:00:01]} 27. a4 {[%emt 0:00:01]} Rhf8 {[%emt 0:00:02]} 28. Be6 {[%emt 0:00:01]} Nf6 {[%emt 0:00:03]} 29. b5 {[%emt 0:00:00]} Ne4 {[%emt 0:00:01]} 30. Kg1 {[%emt 0:00:03]} b6 {[%emt 0:00:06]} 31. bxa6 {[%emt 0:00:02]} Nxc5 {[%emt 0:00:01]} 32. Rxc5 {[%emt 0:00:02]} bxc5 {[%emt 0:00:01]} 33. d7 {[%emt 0:00:00]} Ka7 {[%emt 0:00:01]} 34. Rb1 {[%emt 0:00:00]} Kxa6 {[%emt 0:00:01]} 35. Rb5 {[%emt 0:00:01]} Rxd7 {[%emt 0:00:01]} 36. Bxd7 {[%emt 0:00:01]} c4 {[%emt 0:00:01]} 37. Rc5 {[%emt 0:00:01]} Rb8 {[%emt 0:00:01]} 38. Rxc4 {[%emt 0:00:01]} Rb1+ {[%emt 0:00:01]} 39. Kh2 {[%emt 0:00:00]} Ka5 {[%emt 0:00:00]} 40. Bb5 {[%emt 0:00:01]} Rb4 {[%emt 0:00:01]} 41. Rc7 {[%emt 0:00:00] ' Âðåìÿ (Lag: Av=0.37s, max=0.8s)} 1-0